| 000 | 00534nam a22001577a 4500 | ||
|---|---|---|---|
| 005 | 20241215105638.0 | ||
| 008 | 241215b |||||||| |||| 00| 0 eng d | ||
| 020 | _a9780443100321 | ||
| 050 |
_aQM531 _b.L34 |
||
| 100 | _aSinnatamby, Chummy S. | ||
| 245 |
_aLast's Anatomy/ _bregional and applied; updated and in full color _cChummy S. Sinnatamby |
||
| 250 |
_a11th ed. _binternational edition |
||
| 260 |
_aEdinburgh _bChurchill Livingstone Elsevier _c2006 |
||
| 300 |
_axii.568p. _bill. some color _c24.5cm |
||
| 942 |
_2lcc _cBK _e11th ed. _n0 |
||
| 999 |
_c2245 _d2245 |
||